Statistics for Men's Tennis Rankings 2016

Click here to take the quiz!

General Stats

  • This quiz has been taken 406 times
    (256 since last reset)
  • The average score is 24 of 32

Answer Stats

Rank Country Player % Correct
2SerbiaNovak Djokovic
100%
1UKAndy Murray
100%
3CanadaMilos Raonic
98%
16SwitzerlandRoger Federer
98%
4SwitzerlandStanislas Wawrinka
97%
5JapanKei Nishikori
95%
6CroatiaMarin Cilic
94%
9SpainRafael Nadal
93%
12FranceJo-Wilfried Tsonga
92%
10Czech RepublicTomas Berdych
91%
17BulgariaGrigor Dimitrov
88%
8AustriaDominic Thiem
86%
11BelgiumDavid Goffin
85%
19USAJohn Isner
85%
13AustraliaNick Kyrgios
82%
7FranceGael Monfils
80%
21SpainDavid Ferrer
80%
18FranceRichard Gasquet
77%
14SpainRoberto Bautista Agut
70%
24GermanyAlexander Zverev
67%
25FranceGilles Simon
64%
23USAJack Sock
63%
15FranceLucas Pouille
61%
28SpainFeliciano Lopez
58%
22UruguayPablo Cuevas
57%
30SpainPablo Carreno Busta
55%
20CroatiaIvo Karlovic
53%
26AustraliaBernard Tomic
51%
31USASam Querrey
50%
32GermanyPhilipp Kohlschreiber
50%
29SerbiaViktor Troicki
49%
27SpainAlbert Ramos-Vinolas
42%

Score Distribution

Percentile by Number Answered

Percent of People with Each Score

Your Score History

You have not taken this quiz since the last reset